000 00752nmc a2200277 a 4500
003 AR-BaBNM
005 20251128204547.0
008 045020s2003 ||||||||||||||000 | spa||
020 _a987-1138-18-0
040 _cAR-BaBNM
100 1 _aNeruda, Pablo
245 1 0 _aResidencia en la tierra
250 _a1ª ed.
260 _aBuenos Aires
_bSudamericana
_c2003
300 0 _a142 p.
490 0 _aContemporánea
500 0 _aEdición y notas de Hernán Loyola. Prólogo de Abelardo Castillo
650 4 _aLITERATURA CHILENA
650 4 _aLITERATURA CONTEMPORANEA
650 4 _aPOESIA
655 _aLITERATURA
700 1 _aLoyola, Hernán
_eeditor
700 1 _aCastillo, Abelardo
_eprologuista
942 _cBK
998 _cme-solo cat
999 _c7924
_d7924